Primavera y el cuaderno de bitácora / (Record no. 190597)

MARC details
000 -LEADER
campo de control de longitud fija 00761nam a2200241 i 4500
001 - NÚMERO DE CONTROL
campo de control 190597
003 - IDENTIFICADOR DE NÚMERO DE CONTROL
campo de control ES-MaACL
005 - FECHA Y HORA DE LA ÚLTIMA TRANSACCIÓN
campo de control 20250825062637.0
008 - DATOS DE LONGITUD FIJA--INFORMACIÓN GENERAL
campo de control de longitud fija 220112s2017 xxu 000 j spa d
020 ## - NÚMERO INTERNACIONAL ESTÁNDAR DEL LIBRO
Número Internacional Estándar del Libro 9781545467275
080 ## - NÚMERO DE LA CLASIFICACIÓN DECIMAL UNIVERSAL
Número de la Clasificación Decimal Universal 087.5:82
100 1# - ENTRADA PRINCIPAL--NOMBRE DE PERSONA
Nombre de persona Castillo Morales, Jorge del.
9 (RLIN) 174045
245 10 - MENCIÓN DEL TÍTULO
Título Primavera y el cuaderno de bitácora /
Mención de responsabilidad, etc. Jorge del Castillo Morales.
250 ## - MENCION DE EDICION
Mención de edición 1ª ed.
260 ## - PUBLICACIÓN, DISTRIBUCIÓN, ETC.
Lugar de publicación, distribución, etc. [Madrid :
Nombre del editor, distribuidor, etc. J. del Castillo Morales],
Fecha de publicación, distribución, etc. 2017 (
Lugar de fabricación/manufactura USA)
300 ## - DESCRIPCIÓN FÍSICA
Extensión 225 p. ;
Dimensiones 23 cm.
490 1# - MENCIÓN DE SERIE
Mención de serie Elige tu propia aventura ;
Designación de volumen o secuencia 2
594 ## - Nota al título y mención de responsabilidad
Nota al título y mención de responsabilidad En cub.: A partir de 11 años
655 #7 - TERMINO DE INDIZACIÓN--GENERO/FORMA
Datos o término principal de género/forma Libros infantiles
Fuente del término tgfbne
9 (RLIN) 226786
830 1# - PUNTO DE ACCESO ADICIONAL DE SERIE-TÍTULO UNIFORME
Título uniforme Elige tu propia aventura ;
Designación de volumen o secuencia 2
9 (RLIN) 193503
852 4# - LOCALIZACIÓN
Ubicación ES-MaACL
Número de control de estantería N-7856
Holdings
Estatus retirado Estado de pérdida Estado de daño No para préstamo Biblioteca de origen Biblioteca actual Ubicación en estantería Fecha de adquisición Fuente de adquisición Total de préstamos Signatura topográfica completa Código de barras Visto por última vez Precio de reemplazo Tipo de ítem Koha
        Biblioteca del Ateneo de Madrid Biblioteca del Ateneo de Madrid Sala Pecera Depósito 2 12/01/2022     N-7856 1202814 23/02/2023 23/02/2023 Libro impreso